F1 Drivers Top 4 Positions - Statistics

General Stats
  • This quiz has been taken 3,266 times
    2,622 since last reset
  • The average score is 49 of 88
Answer Stats
Answer % Correct
Lewis Hamilton
99%
Max Verstappen
99%
Michael Schumacher
97%
Charles Leclerc
96%
Fernando Alonso
96%
Ralf Schumacher
96%
Sebastian Vettel
96%
Keke Rosberg
95%
Nico Rosberg
95%
Kimi Raikkonen
94%
Sergio Perez
93%
Valtteri Bottas
93%
Jenson Button
92%
Ayrton Senna
91%
Alain Prost
88%
Daniel Ricciardo
86%
Mika Hakkinen
86%
Damon Hill
84%
Graham Hill
84%
Niki Lauda
84%
Phil Hill
84%
Felipe Massa
83%
Mark Webber
82%
George Russell
81%
Gilles Villeneuve
81%
Jacques Villeneuve
81%
Juan Manuel Fangio
80%
Nelson Piquet
79%
Nigel Mansell
78%
Rubens Barrichello
76%
James Hunt
75%
Alberto Ascari
73%
Emerson Fittipaldi
71%
Giuseppe Farina
70%
Jackie Stewart
70%
Nino Farina
70%
David Coulthard
68%
Jack Brabham
68%
Jim Clark
67%
Mario Andretti
66%
Alan Jones
65%
Jody Scheckter
65%
Juan Pablo Montoya
63%
Jochen Rindt
60%
Eddie Irvine
58%
Mike Hawthorn
58%
Denny Hulme
57%
John Surtees
57%
Stirling Moss
56%
Gerhard Berger
50%
Giancarlo Fisichella
50%
Heinz-Harald Frentzen
49%
Robert Kubica
47%
Bruce McLaren
46%
Riccardo Patrese
45%
Jacky Ickx
41%
Jean Alesi
38%
Carlos Reutemann
37%
Clay Regazzoni
36%
Ronnie Peterson
36%
Michele Alboreto
33%
René Arnoux
33%
Didier Pironi
32%
Wolfgang von Trips
31%
John Watson
30%
Elio de Angelis
29%
Johnny Herbert
28%
Jose Froilan Gonzalez
27%
Luigi Fagioli
25%
Tony Brooks
25%
Francois Cevert
24%
Jacques Laffite
24%
Peter Collins
22%
Thierry Boutsen
21%
Luigi Musso
20%
Patrick Tambay
18%
Dan Gurney
17%
Patrick Depailler
17%
Piero Taruffi
17%
Richie Ginther
16%
Maurice Trintignant
15%
Lorenzo Bandini
14%
Eugenio Castellotti
13%
Innes Ireland
10%
Jean Behra
8%
Louis Rosier
5%
Roy Salvadori
5%
Rudi Fischer
4%
No matching quizzes found
Score Distribution
Percent of People with Each Score
Percentile by Number Answered
Your Score History
You have not taken this quiz since the last reset